| 000 | 01470nam0a2200301 4500 | ||
|---|---|---|---|
| 001 | RU\NLR\BIBL_A\011407238 | ||
| 005 | 20241103100734.0 | ||
| 010 |
_a9785991405935 _970 |
||
| 021 |
_aRU _b2017-39741 _92897 |
||
| 035 | _a(RuMoRGB)008899066 | ||
| 035 | _a(NLR Aleph) 011407238 | ||
| 090 |
_a11538871 _c11538871 |
||
| 100 | _a20170616d2017 u y0rusy50 ca | ||
| 101 | 0 | _arus | |
| 102 | _aRU | ||
| 105 | _ay zzzz000|1yy | ||
| 200 | 1 |
_aСборник задач по органической химии _eучебное пособие _fА. Ф. Бетнев, В. В. Соснина _gМинистерство образования и науки РФ, Федеральное государственное бюджетное образовательное учреждение высшего образования "Ярославский государственный технический университет" |
|
| 210 |
_aЯрославль _cИздательский дом ЯГТУ _d2017 |
||
| 215 |
_a175 с. _d21 |
||
| 320 | _aБиблиогр.: с. 170 (6 назв.) | ||
| 606 |
_aОрганическая химия _jЗадачники _91049152 _3RU\NLR\AUTH\6687223 |
||
| 686 | 1 | _aГ2я73-4 | |
| 700 | 1 |
_aБетнев _bА. Ф. _gАлександр Федорович |
|
| 701 | 1 |
_aСоснина _bВ. В. _gВалентина Вячеславовна |
|
| 942 | _cBOOK | ||
| 980 | _aNBR | ||